[Event "11th Reykjavik op"]
[Site "Reykjavik ISL"]
[Date "1984.02.14"]
[Round "1"]
[White "Alburt, Lev"]
[Black "Gudmundsson, Elvar"]
[Result "1-0"]
[WhiteElo "2515"]
[BlackElo "2330"]
[EventDate "1984.02.14"]
[PlyCount "77"]

1.d4 Nf6 2.Bg5 Ne4 3.Bf4 c5 4.f3 Nf6 5.d5 g6 6.Nc3 d6 7.e4 Bg7 8.Qd2 O-O 
9.Bh6 e6 10.O-O-O exd5 11.exd5 b5 12.Bxb5 Qb6 13.h4 Ba6 14.Ba4 Nbd7 15.
Bxd7 Nxd7 16.Bxg7 Kxg7 17.h5 Rab8 18.b3 Nf6 19.hxg6 fxg6 20.Nh3 Bc8 21.Ng5
Rb7 22.Nce4 h5 23.Qc3 Qb4 24.Qxb4 cxb4 25.Nxd6 Re7 26.Nge4 Nxe4 27.Nxe4 
Bf5 28.Rhe1 Rd8 29.c4 bxc3 30.Nxc3 Rc7 31.Re3 g5 32.Kb2 h4 33.d6 Rcd7 34.
Re5 Rxd6 35.Rxf5 Rxd1 36.Nxd1 Rxd1 37.Rxg5+ Kf6 38.Rg4 Rd2+ 39.Ka3 1-0

[Event "11th Reykjavik op"]
[Site "Reykjavik ISL"]
[Date "1984.02.14"]
[Round "1"]
[White "Angantysson, Haukur"]
[Black "Petursson, Palmi"]
[Result "0-1"]
[WhiteElo "2395"]
[BlackElo "2370"]
[EventDate "1984.02.14"]
[PlyCount "70"]

1.d4 Nf6 2.Nf3 g6 3.c4 c5 4.Nc3 Bg7 5.e4 cxd4 6.Nxd4 d6 7.Be2 O-O 8.O-O 
Nc6 9.Be3 Bd7 10.Rc1 Ne5 11.f3 Rc8 12.Qb3 Bc6 13.Rfd1 b6 14.Bg5 h6 15.Bh4 
g5 16.Bg3 Nh5 17.Nf5 Ng6 18.c5 bxc5 19.Bxd6 exd6 20.Rxd6 Qb6 21.Rxg6 Qxb3 
22.Rxh6 Qb7 23.Rxh5 Bd4+ 24.Nxd4 cxd4 25.Rxg5+ Kh7 26.Rd1 dxc3 27.e5 Qb6+ 
28.Kf1 Bb5 29.f4 c2 30.Rh5+ Kg7 31.Rg5+ Qg6 32.Rxg6+ fxg6 33.Rc1 Rxf4+ 34.
Ke1 Re4 35.Kd2 Rxe2# 0-1

[Event "11th Reykjavik op"]
[Site "Reykjavik ISL"]
[Date "1984.02.14"]
[Round "1"]
[White "Arnason, Asgeir Thor"]
[Black "Ostermeyer, Peter"]
[Result "0-1"]
[WhiteElo "2260"]
[BlackElo "2460"]
[EventDate "1984.02.14"]
[PlyCount "100"]

1.e4 c5 2.Nf3 d6 3.d4 Nf6 4.Nc3 cxd4 5.Nxd4 a6 6.Be2 e5 7.Nb3 Be7 8.O-O 
O-O 9.f4 exf4 10.Bxf4 Nc6 11.Qe1 Be6 12.Rd1 Qb6+ 13.Kh1 Ne5 14.Qg3 Rfe8 
15.Nd4 Rac8 16.Bc1 Kh8 17.Nf5 Bxf5 18.Rxf5 Qc6 19.Bd3 b5 20.Bg5 Nfd7 21.
Bxe7 Rxe7 22.Nd5 Re6 23.Rdf1 Rf8 24.h3 Qc8 25.Qe3 Qc5 26.Qd2 Qd4 27.b3 Nc5
28.Nf4 Ree8 29.Ne2 Qb2 30.Qe3 Qxa2 31.R1f4 Ncxd3 32.cxd3 Qxb3 33.Rh4 Ng6 
34.Rg4 d5 35.h4 dxe4 36.Rxe4 Rxe4 37.Qxe4 Qe6 38.Qxe6 fxe6 39.Rc5 Rb8 40.
Nd4 Nf4 41.Rc6 e5 42.Nb3 Nxd3 43.Rxa6 Kg8 44.Rd6 e4 45.Kg1 Kf7 46.Kf1 Ra8 
47.h5 h6 48.g4 b4 49.Nd4 Ra2 50.Re6 Ra1+ 0-1

[Event "11th Reykjavik op"]
[Site "Reykjavik ISL"]
[Date "1984.02.14"]
[Round "1"]
[White "Balashov, Yury"]
[Black "Benedictsson, Benony"]
[Result "1/2-1/2"]
[WhiteElo "2535"]
[BlackElo "2355"]
[EventDate "1984.02.14"]
[PlyCount "58"]

1.e4 e5 2.Nf3 Nc6 3.Bb5 Qf6 4.c3 g5 5.d4 h6 6.Bxc6 Qxc6 7.Nbd2 exd4 8.Nxd4
Qg6 9.O-O Be7 10.Re1 Nf6 11.N2f3 O-O 12.Nf5 Bd8 13.h4 d6 14.hxg5 hxg5 15.
Bxg5 Bxf5 16.exf5 Qxf5 17.Qd4 Kg7 18.Re3 c5 19.Qxd6 Ng4 20.Bxd8 Nxe3 21.
Be7 Ng4 22.Bxf8+ Rxf8 23.Re1 Rh8 24.Qe7 Rh5 25.Re4 Rh1+ 26.Kxh1 Nxf2+ 27.
Kg1 Nxe4 28.Qxb7 Qf4 29.Qd5 Qe3+ 1/2-1/2

[Event "11th Reykjavik op"]
[Site "Reykjavik ISL"]
[Date "1984.02.14"]
[Round "1"]
[White "Bjarnason, Saevar"]
[Black "Geller, Efim"]
[Result "1/2-1/2"]
[WhiteElo "2375"]
[BlackElo "2560"]
[EventDate "1984.02.14"]
[PlyCount "132"]

1.Nf3 Nf6 2.g3 d5 3.Bg2 c6 4.O-O Bg4 5.d3 Nbd7 6.Nbd2 e6 7.h3 Bh5 8.b3 Be7
9.Bb2 O-O 10.c4 Re8 11.a3 a5 12.Qc2 Bf8 13.e4 dxe4 14.dxe4 Nc5 15.g4 Bg6 
16.Ne5 Nfd7 17.Nxg6 hxg6 18.e5 Qc7 19.Rae1 Rad8 20.Re3 Be7 21.Bc3 Na6 22.
Nb1 Nf8 23.Be4 Qb6 24.Kh1 Nc5 25.Nd2 Rd7 26.b4 axb4 27.axb4 Na6 28.c5 Qb5 
29.Rb1 Red8 30.Bf3 Nxc5 31.bxc5 Qxc5 32.Ne4 Qa7 33.Ra1 Qb8 34.Qb2 Rd3 35.
Rxd3 Rxd3 36.Kg2 g5 37.Be2 Rd7 38.Ng3 Ng6 39.Nh5 b5 40.Kg1 b4 41.Bf3 c5 
42.Ra8 Rd1+ 43.Kh2 Qxa8 44.Bxa8 bxc3 45.Qxc3 Nxe5 46.Kg2 Bd6 47.Qc2 Rd4 
48.Qb2 Rb4 49.Qd2 Be7 50.Qc2 Ng6 51.Be4 Nh4+ 52.Kf1 g6 53.Ng3 Rd4 54.Qb3 
Bf6 55.Bc2 Rf4 56.Be4 Kg7 57.f3 Bd4 58.Ne2 Rf6 59.Qd3 e5 60.Nxd4 cxd4 61.
Qb5 Nxf3 62.Ke2 Ng1+ 63.Kd3 Nxh3 64.Qxe5 Nf2+ 65.Kxd4 Nxg4 66.Qxg5 Rd6+ 
1/2-1/2

[Event "11th Reykjavik op"]
[Site "Reykjavik ISL"]
[Date "1984.02.14"]
[Round "1"]
[White "Burger, Karl"]
[Black "Arnason, Jon"]
[Result "1/2-1/2"]
[WhiteElo "2305"]
[BlackElo "2500"]
[EventDate "1984.02.14"]
[PlyCount "76"]

1.d4 Nf6 2.Nf3 e6 3.g3 b5 4.Qd3 c5 5.Qxb5 Nc6 6.dxc5 Rb8 7.Qd3 Bxc5 8.Bg2 
Qb6 9.O-O Ng4 10.e3 Ba6 11.c4 d5 12.Nbd2 O-O 13.b3 Rbd8 14.Bb2 e5 15.Ng5 
g6 16.Bxd5 Nxe3 17.Qe4 Nxd5 18.cxd5 Bxf1 19.Rxf1 Nd4 20.Nc4 Qf6 21.Nxe5 
Qxg5 22.Bxd4 Bxd4 23.Qxd4 Qf6 24.Rd1 Rfe8 25.Nc6 Qxd4 26.Rxd4 Rd7 27.Kf1 
Kf8 28.b4 f5 29.b5 Re4 30.Rd2 Re6 31.dxe6 Rxd2 32.a4 Rb2 33.h4 Kg7 34.Kg2 
Rb3 35.Kf1 Rb2 36.Kg2 Rb3 37.Kf1 Rb2 38.Kg2 Rb3 1/2-1/2

[Event "11th Reykjavik op"]
[Site "Reykjavik ISL"]
[Date "1984.02.14"]
[Round "1"]
[White "Byrne, Robert"]
[Black "Hector, Jonny"]
[Result "1-0"]
[WhiteElo "2520"]
[BlackElo "2350"]
[EventDate "1984.02.14"]
[PlyCount "77"]

1.e4 e5 2.Nf3 Nf6 3.Nxe5 d6 4.Nf3 Nxe4 5.d4 d5 6.Bd3 Be7 7.O-O Nc6 8.c4 
Bg4 9.cxd5 Qxd5 10.Nc3 Nxc3 11.bxc3 Bxf3 12.Qxf3 Qxf3 13.gxf3 O-O 14.Rb1 
Na5 15.Re1 Bd6 16.Be3 b6 17.c4 Rad8 18.Bf1 Rfe8 19.c5 Bf8 20.Rec1 Re7 21.
Bg2 h6 22.f4 g6 23.Kf1 Bg7 24.d5 Nb7 25.d6 cxd6 26.cxb6 axb6 27.Bxb6 Rde8 
28.Bc7 Nd8 29.Bxd6 Rd7 30.Rd1 Bf6 31.a4 Re6 32.Bc5 Rxd1+ 33.Rxd1 Ra6 34.
Rd6 Rxd6 35.Bxd6 Ne6 36.a5 Bd4 37.Bd5 Ba7 38.Bxe6 fxe6 39.Bc7 1-0

[Event "11th Reykjavik op"]
[Site "Reykjavik ISL"]
[Date "1984.02.14"]
[Round "1"]
[White "Chandler, Murray Graham"]
[Black "Taylor, Gordon"]
[Result "1/2-1/2"]
[WhiteElo "2515"]
[BlackElo "2325"]
[EventDate "1984.02.14"]
[PlyCount "208"]

1.e4 c5 2.Nf3 Nc6 3.d4 cxd4 4.Nxd4 g6 5.c4 Bg7 6.Be3 Nf6 7.Nc3 O-O 8.Be2 
d6 9.Rc1 Bd7 10.f3 Nxd4 11.Bxd4 a5 12.b3 Bc6 13.O-O Nd7 14.Be3 Nc5 15.Qd2 
b6 16.Rfd1 Ra7 17.Nb5 Rd7 18.Nd4 Bb7 19.Rb1 Qa8 20.a3 Rb8 21.b4 Ne6 22.
Nxe6 fxe6 23.Bf1 axb4 24.axb4 Bc8 25.Bd4 Bxd4+ 26.Qxd4 e5 27.Qc3 Qc6 28.h4
Rc7 29.Qe3 Kg7 30.Ra1 Be6 31.Rdc1 Rbc8 32.h5 gxh5 33.c5 bxc5 34.b5 Qb6 35.
Ra6 Qb8 36.f4 exf4 37.Qxf4 c4 38.b6 Rb7 39.Qe3 Bf7 40.Rca1 h6 41.e5 dxe5 
42.Ra8 Qxa8 43.Qxe5+ Kg8 44.Rxa8 Rxa8 45.Qe4 Rab8 46.Bxc4 Rxb6 47.Bxf7+ 
Kxf7 48.Qh7+ Ke8 49.Qg8+ Kd7 50.Qd5+ Rd6 51.Qf5+ Ke8 52.Qxh5+ Kf8 53.Qe5 
Rb1+ 54.Kh2 Rf6 55.Qd5 Rb8 56.Qc5 Re8 57.Qe5 Kg7 58.Kh1 Kh7 59.Qe4+ Rg6 
60.Qf5 Rg8 61.Qf7+ R8g7 62.Qf5 e6 63.Qe4 Rf7 64.Kg1 Rf5 65.Qb7+ Kg8 66.
Qa8+ Rf8 67.Qe4 Kh7 68.Qb7+ Kg8 69.Qe4 Rgf6 70.Qg4+ Kh8 71.Qd4 Rf7 72.Qe5 
Kh7 73.Qe4+ Rg6 74.Kh1 h5 75.Kg1 Rf5 76.Qb7+ Kh6 77.Qc8 h4 78.Qh8+ Kg5 79.
Qd8+ Kh5 80.Qd1+ Kh6 81.Qd4 Kh5 82.Qd1+ Rg4 83.Qd7 Rf6 84.Qh7+ Rh6 85.Qf7+
Rhg6 86.Qh7+ Kg5 87.Qe7+ Kf4 88.Qf8+ Ke4 89.Qf3+ Kd4 90.Qf2+ Kd5 91.Qf3+ 
Ke5 92.Kh1 Rf4 93.Qh5+ Kf6 94.Qh8+ Kf7 95.Qh7+ Rg7 96.Qh5+ Ke7 97.Qc5+ Kf6
98.Qf8+ Rf7 99.Qh6+ Ke7 100.Qg5+ R7f6 101.Qc5+ Kf7 102.Qh5+ Kg7 103.Qg5+ 
Kf8 104.Qc5+ Kg7 1/2-1/2

[Event "11th Reykjavik op"]
[Site "Reykjavik ISL"]
[Date "1984.02.14"]
[Round "1"]
[White "Christiansen, Larry"]
[Black "Thorsteins, Karl"]
[Result "1/2-1/2"]
[WhiteElo "2550"]
[BlackElo "2375"]
[EventDate "1984.02.14"]
[PlyCount "93"]

1.d4 d5 2.c4 e6 3.Nf3 Nf6 4.Nc3 Be7 5.Bg5 h6 6.Bh4 O-O 7.e3 b6 8.cxd5 Nxd5
9.Bxe7 Qxe7 10.Nxd5 exd5 11.Be2 Be6 12.O-O c5 13.dxc5 bxc5 14.Qa4 Rc8 15.
Rac1 Nd7 16.Qa3 Qf8 17.Rfd1 a5 18.Nd2 Nf6 19.Bf3 Rab8 20.b3 c4 21.Qxf8+ 
Kxf8 22.bxc4 Rb2 23.c5 a4 24.a3 Rb5 25.c6 Rb6 26.c7 Rb7 27.Be2 Rbxc7 28.
Rxc7 Rxc7 29.Nf3 Rc3 30.Ra1 Ne4 31.h3 Nc5 32.g4 Nb3 33.Rb1 d4 34.Nxd4 Nxd4
35.exd4 Rxa3 36.Rb5 Ra1+ 37.Kg2 a3 38.d5 a2 39.dxe6 Rg1+ 40.Kxg1 a1=Q+ 41.
Kg2 fxe6 42.Bf3 Qd4 43.Rb3 Ke7 44.Re3 Kf6 45.Re4 Qd6 46.h4 g6 47.Re3 
1/2-1/2

[Event "11th Reykjavik op"]
[Site "Reykjavik ISL"]
[Date "1984.02.14"]
[Round "1"]
[White "Gutman, Lev"]
[Black "Gretarsson, Andri Ass"]
[Result "1-0"]
[WhiteElo "2480"]
[BlackElo "2225"]
[EventDate "1984.02.14"]
[PlyCount "89"]

1.Nf3 Nf6 2.g3 g6 3.b4 Bg7 4.Bb2 O-O 5.Bg2 d6 6.O-O e5 7.c4 c6 8.b5 a6 9.
a4 Be6 10.d3 axb5 11.axb5 Rxa1 12.Bxa1 cxb5 13.cxb5 Qa5 14.Nc3 Rc8 15.Qe1 
Bd7 16.Nd2 Bxb5 17.Nxb5 Qxb5 18.Nc4 Ne8 19.Qb1 Qxb1 20.Rxb1 Nd7 21.Rxb7 
Nc5 22.Ra7 Bf8 23.Bd5 Ne6 24.Kg2 N8c7 25.Bc6 Rb8 26.Bc3 Nb5 27.Bxb5 Rxb5 
28.Ra8 Kg7 29.f4 f6 30.Ra7+ Kg8 31.Nd2 Nc5 32.d4 Rb7 33.Rxb7 Nxb7 34.fxe5 
fxe5 35.dxe5 dxe5 36.Bxe5 Kf7 37.Ne4 Be7 38.Kf3 Ke6 39.Bc3 Nd8 40.Nf2 h5 
41.Nd3 g5 42.g4 hxg4+ 43.Kxg4 Nf7 44.Bd2 Kf6 45.Bc3+ 1-0

[Event "11th Reykjavik op"]
[Site "Reykjavik ISL"]
[Date "1984.02.14"]
[Round "1"]
[White "Hansson, Dan"]
[Black "De Firmian, Nick"]
[Result "0-1"]
[WhiteElo "2320"]
[BlackElo "2515"]
[EventDate "1984.02.14"]
[PlyCount "52"]

1.e4 c5 2.Nf3 d6 3.d4 cxd4 4.Nxd4 Nf6 5.Nc3 a6 6.Bg5 e6 7.f4 Be7 8.Qf3 Qc7
9.O-O-O Nbd7 10.g4 b5 11.Bxf6 Nxf6 12.g5 Nd7 13.f5 Nc5 14.f6 gxf6 15.gxf6 
Bf8 16.Qh5 Bd7 17.Bh3 b4 18.Nce2 Rc8 19.Qf3 a5 20.Kb1 a4 21.Bg4 e5 22.Bh5 
exd4 23.Bxf7+ Kd8 24.Nxd4 a3 25.b3 Nxe4 26.Qxe4 Qc3 0-1

[Event "11th Reykjavik op"]
[Site "Reykjavik ISL"]
[Date "1984.02.14"]
[Round "1"]
[White "Haraldsson, Haraldur"]
[Black "Hjartarson, Johann"]
[Result "0-1"]
[WhiteElo "2215"]
[BlackElo "2415"]
[EventDate "1984.02.14"]
[PlyCount "88"]

1.e4 c5 2.Nf3 Nc6 3.d4 cxd4 4.Nxd4 Nf6 5.Nc3 e5 6.Nb3 Bb4 7.Qd3 d5 8.exd5 
Nxd5 9.Bd2 Nxc3 10.Qxd8+ Nxd8 11.a3 Bxa3 12.Bxc3 Bd6 13.Bb5+ Ke7 14.Na5 
Be6 15.O-O Rc8 16.Rfe1 b6 17.Nb3 a5 18.Ba6 Rc7 19.Rad1 Nc6 20.Bb5 Bb4 21.
Re3 Bxc3 22.Rxc3 Rhc8 23.Ba6 Nd4 24.Nxd4 exd4 25.Rg3 Rb8 26.Bd3 g6 27.Be4 
f5 28.Bd3 b5 29.h4 a4 30.h5 Kf6 31.hxg6 hxg6 32.Re1 b4 33.Rxe6+ Kxe6 34.
Rxg6+ Kf7 35.Ra6 b3 36.cxb3 axb3 37.Bxf5 Rc1+ 38.Kh2 Rc2 39.Rd6 Rxb2 40.
Rxd4 Rxf2 41.Be4 b2 42.Rd1 Re8 43.Bd5+ Kg7 44.Kg3 Rd2 0-1

[Event "11th Reykjavik op"]
[Site "Reykjavik ISL"]
[Date "1984.02.14"]
[Round "1"]
[White "Lagerman, Robert"]
[Black "Ree, Hans"]
[Result "1-0"]
[WhiteElo "2295"]
[BlackElo "2480"]
[EventDate "1984.02.14"]
[PlyCount "53"]

1.e4 e6 2.d4 d5 3.Nd2 Nf6 4.e5 Nfd7 5.Bd3 c5 6.c3 Nc6 7.Ngf3 Be7 8.O-O g5 
9.dxc5 Nxc5 10.Bc2 g4 11.Nd4 Nxe5 12.f4 gxf3 13.N2xf3 Ng6 14.Qe2 b6 15.Bh6
Ba6 16.Qe3 Bxf1 17.Rxf1 Qc7 18.b4 Nd7 19.Nb5 Qc6 20.Nfd4 Qb7 21.Rxf7 e5 
22.Rxe7+ Kxe7 23.Qg5+ Nf6 24.Bxg6 exd4 25.Qe5+ Kd8 26.Qxf6+ Qe7 27.Qxh8+ 
1-0

[Event "11th Reykjavik op"]
[Site "Reykjavik ISL"]
[Date "1984.02.14"]
[Round "1"]
[White "Hoei, Carsten"]
[Black "Jonsson, Bjorgvin"]
[Result "1-0"]
[WhiteElo "2400"]
[BlackElo "2255"]
[EventDate "1984.02.14"]
[PlyCount "58"]

1.d4 Nf6 2.c4 c5 3.d5 b5 4.cxb5 a6 5.e3 g6 6.Nc3 Bg7 7.Nf3 d6 8.a4 O-O 9.
Qb3 Nbd7 10.Ra3 Bb7 11.e4 Qa5 12.Bd2 Rfb8 13.Be2 Qd8 14.O-O axb5 15.Bxb5 
Ba6 16.Rfa1 Bxb5 17.axb5 Nb6 18.h3 Nfd7 19.Be3 Qe8 20.Rxa8 Rxa8 21.Ra6 Qc8
22.Qa2 Rb8 23.Ra7 Qe8 24.Bf4 Nc8 25.Ra5 Ncb6 26.Nd2 Qd8 27.Ra7 Nc8 28.Ra8 
Ncb6 29.Rxb8 Qxb8 {..} 1-0

[Event "11th Reykjavik op"]
[Site "Reykjavik ISL"]
[Date "1984.02.14"]
[Round "1"]
[White "Josteinsson, Leifur"]
[Black "Petursson, Margeir"]
[Result "0-1"]
[WhiteElo "2275"]
[BlackElo "2465"]
[EventDate "1984.02.14"]
[PlyCount "56"]

1.b3 e5 2.Bb2 Nc6 3.e3 d5 4.Bb5 Bd6 5.Ne2 Nf6 6.d4 e4 7.c4 O-O 8.Bxc6 bxc6
9.Ba3 a5 10.Qc1 Ba6 11.Bxd6 cxd6 12.c5 Nd7 13.cxd6 c5 14.Qd2 Qg5 15.Nf4 
Rac8 16.Nc3 Qf6 17.Nfxd5 Qxd6 18.Nf4 cxd4 19.Nxe4 Qe5 20.Rd1 Qxe4 21.Qxa5 
Qxf4 22.Qxa6 dxe3 23.O-O Ne5 24.f3 Rc2 25.Rde1 Rf2 26.Qa4 Nxf3+ 27.Kh1 
Rxf1+ 28.Rxf1 Qxh2# 0-1

[Event "11th Reykjavik op"]
[Site "Reykjavik ISL"]
[Date "1984.02.14"]
[Round "1"]
[White "Karlsson, Agust Sindri"]
[Black "McCambridge, Vincent"]
[Result "1-0"]
[WhiteElo "2285"]
[BlackElo "2465"]
[EventDate "1984.02.14"]
[PlyCount "75"]

1.c4 Nf6 2.Nc3 g6 3.g3 Bg7 4.Bg2 O-O 5.e4 d6 6.Nge2 c5 7.O-O Nc6 8.Rb1 Ne8
9.d3 Nc7 10.Nd5 Rb8 11.Nxc7 Qxc7 12.Nc3 a6 13.Nd5 Qd8 14.Bg5 h6 15.Bd2 b5 
16.b3 Bb7 17.f4 e6 18.Ne3 f5 19.Kh1 Qd7 20.g4 Nd4 21.gxf5 exf5 22.Nd5 Kh7 
23.Be3 Bc6 24.Rg1 Rbe8 25.Qd2 Re6 26.Rbf1 Rfe8 27.Bh3 Qf7 28.Rg3 fxe4 29.
Bxd4 cxd4 30.f5 gxf5 31.Bxf5+ Kh8 32.Qg2 Rf8 33.dxe4 Re5 34.Rg1 Rg8 35.Rg6
bxc4 36.Nf6 Ree8 37.Nxe8 Qxf5 38.Rxh6+ 1-0

[Event "11th Reykjavik op"]
[Site "Reykjavik ISL"]
[Date "1984.02.14"]
[Round "1"]
[White "King, Daniel John"]
[Black "Karlsson, Hilmar"]
[Result "1-0"]
[WhiteElo "2435"]
[BlackElo "2220"]
[EventDate "1984.02.14"]
[PlyCount "123"]

1.Nf3 Nf6 2.c4 e6 3.Nc3 d5 4.d4 Be7 5.Bg5 h6 6.Bxf6 Bxf6 7.e3 O-O 8.Qd2 
Nc6 9.O-O-O dxc4 10.Bxc4 e5 11.dxe5 Qxd2+ 12.Rxd2 Nxe5 13.Nxe5 Bxe5 14.
Rhd1 Bf5 15.Rd5 Rae8 16.f4 Bxc3 17.Rxf5 Bf6 18.g4 Rd8 19.Rxd8 Bxd8 20.Rd5 
Be7 21.Rd7 Bd6 22.h4 g5 23.fxg5 hxg5 24.h5 Kg7 25.Kc2 Kf6 26.Kd3 a5 27.b3 
b6 28.Bd5 Bh2 29.Kd4 Bg3 30.Be4 Be5+ 31.Kd5 Rh8 32.Kc6 Bd6 33.Bf5 Bg3 34.
e4 Bf4 35.a4 Kg7 36.Be6 Rf8 37.Kd5 Kf6 38.e5+ Bxe5 39.Bxf7 Bd6 40.Be6 Bf4 
41.Bf5 Rf7 42.Rd8 Kg7 43.Be6 Re7 44.Rg8+ Kh7 45.Rg6 Rg7 46.Rf6 Re7 47.Ke4 
Kg7 48.Kf5 Kh7 49.Rf8 Kg7 50.Rg8+ Kh7 51.Rc8 Kg7 52.h6+ Kxh6 53.Kf6 Rxe6+ 
54.Kxe6 Kg7 55.Rd8 Bg3 56.Kf5 Bf4 57.Rd7+ Kf8 58.Ke6 Ke8 59.Rh7 Kf8 60.Kd5
Ke8 61.Kc6 Kd8 62.Rg7 1-0

[Event "11th Reykjavik op"]
[Site "Reykjavik ISL"]
[Date "1984.02.14"]
[Round "1"]
[White "Kristjansson, Bragi"]
[Black "Sigurjonsson, Gudmundur"]
[Result "0-1"]
[WhiteElo "2295"]
[BlackElo "2470"]
[EventDate "1984.02.14"]
[PlyCount "81"]

1.e4 c5 2.Nf3 d6 3.d4 cxd4 4.Nxd4 Nf6 5.Nc3 a6 6.f4 e5 7.Nf3 Nbd7 8.a4 Be7
9.Bd3 O-O 10.O-O Re8 11.Kh1 exf4 12.Bxf4 Nc5 13.Qd2 Bg4 14.Rae1 Rc8 15.Be3
Be6 16.Nd4 Ng4 17.Nxe6 fxe6 18.Bd4 Nd7 19.e5 Ngxe5 20.Qe2 Bh4 21.g3 Nxd3 
22.Qxd3 Bf6 23.Ne4 Ne5 24.Qb3 Qe7 25.Nxf6+ gxf6 26.Rf4 Rf8 27.Ref1 Rf7 28.
g4 Rcf8 29.Re1 Qd7 30.Kg1 Ng6 31.Rf2 e5 32.Be3 Qxg4+ 33.Rg2 Qd7 34.Rf1 Kh8
35.Bh6 Rg8 36.Qd3 f5 37.Rg5 Rf6 38.h4 f4 39.h5 Ne7 40.Rxg8+ Nxg8 41.Bg5 
0-1

[Event "11th Reykjavik op"]
[Site "Reykjavik ISL"]
[Date "1984.02.14"]
[Round "1"]
[White "Lobron, Eric"]
[Black "Johannesson, Larus"]
[Result "1-0"]
[WhiteElo "2520"]
[BlackElo "2300"]
[EventDate "1984.02.14"]
[PlyCount "73"]

1.e4 c6 2.d3 d5 3.Nd2 g6 4.Ngf3 Bg7 5.Be2 e5 6.O-O Ne7 7.Re1 O-O 8.Bf1 d4 
9.b4 Na6 10.a3 c5 11.b5 Nc7 12.a4 f6 13.Nc4 Be6 14.Nfd2 b6 15.g3 Qd7 16.
Bg2 Rfb8 17.Bb2 a6 18.a5 Nc8 19.Nb3 Nxb5 20.Nxb6 Nxb6 21.Nxc5 Qc8 22.Nxe6 
Qxe6 23.axb6 Rxb6 24.h4 Bf8 25.Ra4 Rab8 26.Kh2 Bc5 27.Bh3 Qe7 28.Qa1 Bb4 
29.Rf1 a5 30.f4 Kg7 31.fxe5 fxe5 32.Bc1 h6 33.Rxa5 Bxa5 34.Qxa5 Nc3 35.Ba3
Qb7 36.Qxe5+ Kh7 37.Be7 1-0

[Event "11th Reykjavik op"]
[Site "Reykjavik ISL"]
[Date "1984.02.14"]
[Round "1"]
[White "Nykopp, Jan-Michael"]
[Black "Wedberg, Tom"]
[Result "0-1"]
[WhiteElo "2300"]
[BlackElo "2495"]
[EventDate "1984.02.14"]
[PlyCount "100"]

1.d4 Nf6 2.c4 e6 3.Nf3 c5 4.Nc3 cxd4 5.Nxd4 Bb4 6.Bd2 Nc6 7.e3 O-O 8.Be2 
d5 9.cxd5 exd5 10.Nxc6 bxc6 11.O-O Bd6 12.Rc1 Qe7 13.Bf3 Bf5 14.g3 Rfe8 
15.Ne2 Rac8 16.Nd4 Bd7 17.Bg2 Ne4 18.Nf3 Bg4 19.Qc2 c5 20.Ba5 h5 21.Nd2 
Nf6 22.Nf3 Qd7 23.Nh4 Qb5 24.Bd2 Be5 25.b3 Be2 26.Nf3 Bxf1 27.Bxf1 Qb6 28.
Qf5 g6 29.Qc2 Ne4 30.Nxe5 Nxd2 31.Qxd2 Rxe5 32.Bh3 Rd8 33.Bg2 h4 34.Rd1 
hxg3 35.hxg3 d4 36.e4 a5 37.Qd3 a4 38.Rb1 axb3 39.axb3 Qb4 40.Bf3 Rb8 41.
Kg2 Kg7 42.Be2 Qb7 43.f3 Rh8 44.Rh1 Rxh1 45.Kxh1 Qd7 46.f4 Re8 47.Kg1 Qb7 
48.e5 Rh8 49.Bf3 Qa7 50.Bg2 Qa1+ {..} 0-1

[Event "11th Reykjavik op"]
[Site "Reykjavik ISL"]
[Date "1984.02.14"]
[Round "1"]
[White "Olafsson, Helgi"]
[Black "Bergmann, Throstur"]
[Result "1-0"]
[WhiteElo "2445"]
[BlackElo "2240"]
[EventDate "1984.02.14"]
[PlyCount "75"]

1.c4 Nf6 2.Nc3 e6 3.Nf3 c5 4.g3 Nc6 5.Bg2 d5 6.cxd5 Nxd5 7.O-O Be7 8.d4 
O-O 9.e4 Nb6 10.d5 exd5 11.exd5 Nb4 12.Ne1 Nc4 13.Nd3 Nxd3 14.Qxd3 Nd6 15.
Bf4 Bf5 16.Qd2 Qd7 17.Rfe1 Rfe8 18.Rac1 Bf8 19.Bf1 Rxe1 20.Rxe1 Re8 21.
Rxe8 Qxe8 22.Bxd6 Bxd6 23.Nb5 Qb8 24.Qg5 Bg6 25.Qg4 f5 26.Qc4 Bf7 27.b4 b6
28.Bg2 Be8 29.Nxd6 Qxd6 30.bxc5 Qxc5 31.Qf4 Qc8 32.h4 b5 33.d6 Bf7 34.Qe5 
Bxa2 35.Qxb5 Be6 36.Bd5 Bxd5 37.Qxd5+ Kf8 38.d7 1-0

[Event "11th Reykjavik op"]
[Site "Reykjavik ISL"]
[Date "1984.02.14"]
[Round "1"]
[White "Ornstein, Axel"]
[Black "Jonasson, Benedikt"]
[Result "1/2-1/2"]
[WhiteElo "2405"]
[BlackElo "2210"]
[EventDate "1984.02.14"]
[PlyCount "139"]

1.e4 c5 2.Nf3 e6 3.d4 cxd4 4.Nxd4 Nf6 5.Nc3 Nc6 6.Ndb5 d6 7.Bf4 e5 8.Bg5 
a6 9.Na3 Be6 10.Nc4 Rc8 11.Nd5 Bxd5 12.Bxf6 gxf6 13.Qxd5 Nb4 14.Qd2 d5 15.
exd5 Qxd5 16.Qxd5 Nxd5 17.O-O-O Nf4 18.g3 Ne6 19.Nd6+ Bxd6 20.Rxd6 Ke7 21.
Rb6 Rc7 22.Bg2 Rb8 23.Rd1 Nc5 24.Rb4 b5 25.Rh4 Rbc8 26.Kb1 Ne6 27.c3 a5 
28.a4 bxa4 29.Rxa4 Rb8 30.Ka2 Rc5 31.Rh4 Rcb5 32.Rd2 Ng5 33.Re2 Kf8 34.f4 
exf4 35.Rxf4 Kg7 36.Ref2 R8b6 37.Bf1 Re5 38.Bg2 h6 39.h4 Nh7 40.Rd2 Nf8 
41.Ra4 Ne6 42.Bd5 Rb5 43.Rg4+ Kf8 44.c4 Rb4 45.Bxe6 Rxe6 46.Rd8+ Ke7 47.
Rgg8 f5 48.Rge8+ Kf6 49.Rxe6+ fxe6 50.b3 a4 51.bxa4 Rxa4+ 52.Kb3 Ra1 53.c5
e5 54.Kc4 f4 55.gxf4 exf4 56.c6 Ke5 57.Kc5 f3 58.Rf8 Rc1+ 59.Kb6 Ke4 60.c7
Ke3 61.c8=Q Rxc8 62.Rxc8 f2 63.Rf8 Ke2 64.Kc5 f1=Q 65.Rxf1 Kxf1 66.Kd4 Kg2
67.h5 Kg3 68.Ke3 Kg4 69.Kf2 Kxh5 70.Kg3 1/2-1/2

[Event "11th Reykjavik op"]
[Site "Reykjavik ISL"]
[Date "1984.02.14"]
[Round "1"]
[White "Schneider, Lars-Aake"]
[Black "Bjornsson, Tomas"]
[Result "1-0"]
[WhiteElo "2440"]
[BlackElo "2220"]
[EventDate "1984.02.14"]
[PlyCount "94"]

1.e4 c5 2.Nf3 d6 3.d4 cxd4 4.Qxd4 a6 5.c4 Nf6 6.Nc3 Nc6 7.Qd2 e6 8.Be2 Be7
9.O-O O-O 10.b3 Qc7 11.Bb2 Bd7 12.Rac1 Rac8 13.Rfd1 Rfd8 14.Qe3 Qb8 15.h3 
Ne5 16.Ba3 Nxf3+ 17.Bxf3 b5 18.e5 b4 19.exf6 Bxf6 20.Bb2 bxc3 21.Bxc3 Bxc3
22.Rxc3 Bc6 23.Qf4 Qb4 24.Rcd3 e5 25.Qxe5 Bxf3 26.gxf3 Rc6 27.Qe7 Qb8 28.
c5 Rxc5 29.Rxd6 Rxd6 30.Qxd6 Rc8 31.Qxa6 Re8 32.Qc6 h6 33.Qd7 Qe5 34.f4 
Qe4 35.Qd4 Qf3 36.Qd7 Re6 37.Qd8+ Kh7 38.Qd3+ Rg6+ 39.Kf1 Qxf4 40.Re1 f5 
41.Re8 Qc1+ 42.Re1 Qc6 43.Qxf5 Qa6+ 44.Re2 Kg8 45.Qd5+ Kh7 46.Qe4 h5 47.a4
Kh6 1-0

[Event "11th Reykjavik op"]
[Site "Reykjavik ISL"]
[Date "1984.02.14"]
[Round "1"]
[White "Thorhallsson, Throestur"]
[Black "Cramling, Pia"]
[Result "0-1"]
[WhiteElo "2315"]
[BlackElo "2405"]
[EventDate "1984.02.14"]
[PlyCount "162"]

1.e4 c5 2.Nf3 e6 3.d4 cxd4 4.Nxd4 Nc6 5.Nc3 a6 6.Be3 Nf6 7.Bd3 Qc7 8.O-O 
Ne5 9.h3 b5 10.f4 Nc4 11.Bxc4 Qxc4 12.e5 Nd5 13.Nxd5 Qxd5 14.Nb3 Bb7 15.
Qe2 Rc8 16.c3 Qe4 17.Rad1 h5 18.Rd4 Qf5 19.Rd2 Bd5 20.Rfd1 Be7 21.Qf2 d6 
22.Nd4 Qe4 23.Nf3 O-O 24.exd6 Bxd6 25.Rd4 Qf5 26.R4d2 Rc4 27.Nd4 Qf6 28.
Ne2 Bb8 29.Bd4 Qh6 30.Qh4 Rfc8 31.Rd3 Bc7 32.Ng3 g6 33.Ne2 Bd8 34.Qf2 h4 
35.b3 R4c6 36.Be5 Bb6 37.Bd4 Ba5 38.b4 Bc7 39.Ra1 Bc4 40.Rd2 Bxe2 41.Rxe2 
Qxf4 42.Qxf4 Bxf4 43.a4 Rc4 44.axb5 axb5 45.Ra5 Rb8 46.Rea2 Bg3 47.Ra8 
Rcc8 48.Rxb8 Rxb8 49.Bf6 Kh7 50.Ra7 g5 51.Bxg5 Kg6 52.Be7 e5 53.Kf1 Kf5 
54.Bc5 f6 55.Ke2 Ke4 56.Ra6 f5 57.Be7 Re8 58.Ra7 Rc8 59.Bc5 Kd5 60.Rf7 f4 
61.Rd7+ Kc4 62.Kf3 Ra8 63.Rd2 Be1 64.Re2 Bxc3 65.Re4+ Kd5 66.Re2 Rg8 67.
Bf2 Bd4 68.Bxh4 Be3 69.Rxe3 fxe3 70.Be1 e4+ 71.Kxe3 Rxg2 72.h4 Rh2 73.Bf2 
Rh3+ 74.Ke2 Kc4 75.Be1 Rh1 76.Bf2 Kxb4 77.Ke3 Rh2 78.Bg3 Rh3 79.Kf4 Kc3 
80.Kg4 Rxg3+ 81.Kxg3 e3 0-1

[Event "11th Reykjavik op"]
[Site "Reykjavik ISL"]
[Date "1984.02.14"]
[Round "1"]
[White "Wesseln, Kai"]
[Black "Schuessler, Harry"]
[Result "0-1"]
[WhiteElo "2350"]
[BlackElo "2445"]
[EventDate "1984.02.14"]
[PlyCount "42"]

1.d4 Nf6 2.c4 e6 3.Nc3 Bb4 4.g3 O-O 5.Bg2 Bxc3+ 6.bxc3 d6 7.Rb1 Nc6 8.e3 
e5 9.Ne2 e4 10.Ba3 Re8 11.c5 Na5 12.Qa4 b6 13.c4 dxc5 14.O-O Qd7 15.Qc2 
Ba6 16.dxc5 Nxc4 17.Bb4 Ne5 18.Rfd1 Bd3 19.Qc3 Nd5 20.Qb3 Nxb4 21.Qxb4 Qg4
0-1

[Event "11th Reykjavik op"]
[Site "Reykjavik ISL"]
[Date "1984.02.14"]
[Round "1"]
[White "Zaltsman, Vitaly"]
[Black "Einarsson, Halldor"]
[Result "1-0"]
[WhiteElo "2390"]
[BlackElo "2285"]
[EventDate "1984.02.14"]
[PlyCount "51"]

1.d4 Nf6 2.c4 c5 3.d5 e6 4.Nc3 exd5 5.cxd5 d6 6.e4 g6 7.Be2 Bg7 8.Nf3 O-O 
9.O-O Bg4 10.Bg5 h6 11.Bf4 a6 12.a4 Re8 13.Nd2 Bxe2 14.Qxe2 Nh5 15.Be3 Qh4
16.Nc4 Bxc3 17.bxc3 Rxe4 18.Nxd6 Re7 19.Nc8 Rxe3 20.Qxe3 Nd7 21.Qe8+ Nf8 
22.Ne7+ Kg7 23.Qxa8 Qxe7 24.Rfe1 Qd7 25.Qe8 Qxd5 26.Rad1 1-0